Jurado Mixto de la Confección, Vestido y Tocado, Sastrería, zapatería, accesorios, etc. (Record no. 32226)

MARC details
000 -LEADER
campo de control de longitud fija 00676nam a2200181 i 4500
001 - NÚMERO DE CONTROL
campo de control 32226
003 - IDENTIFICADOR DE NÚMERO DE CONTROL
campo de control ES-MaACL
005 - FECHA Y HORA DE LA ÚLTIMA TRANSACCIÓN
campo de control 20230906154533.0
007 - CAMPO FIJO DE DESCRIPCIÓN FÍSICA--INFORMACIÓN GENERAL
campo de control de longitud fija t|
008 - DATOS DE LONGITUD FIJA--INFORMACIÓN GENERAL
campo de control de longitud fija 030130s1932 sp |||| | spa d
080 ## - NÚMERO DE LA CLASIFICACIÓN DECIMAL UNIVERSAL
Número de la Clasificación Decimal Universal 677(460)
100 1# - ENTRADA PRINCIPAL--NOMBRE DE PERSONA
Nombre de persona Benítez de Lugo y Reymundo, Luis.
9 (RLIN) 27633
245 10 - MENCIÓN DEL TÍTULO
Título Jurado Mixto de la Confección, Vestido y Tocado, Sastrería, zapatería, accesorios, etc.
Resto del título : memoria correspondiente al año 1931 /
Mención de responsabilidad, etc. redactada por el Presidente del mismo, D. Luis Benítez de Lugo y Reymundo.
260 ## - PUBLICACIÓN, DISTRIBUCIÓN, ETC.
Lugar de publicación, distribución, etc. Madrid :
Nombre del editor, distribuidor, etc. Gráfica Literaria,
Fecha de publicación, distribución, etc. 1932.
300 ## - DESCRIPCIÓN FÍSICA
Extensión 205 p. ;
Dimensiones 21 cm.
650 04 - PUNTO DE ACCESO ADICIONAL DE MATERIA--TÉRMINO DE MATERIA
Término de materia o nombre geográfico como elemento de entrada Industria textil-
Subdivisión geográfica España.
9 (RLIN) 159884
852 ## - LOCALIZACIÓN
Ubicación ES-MaACL
Número de control de estantería A-1506
Holdings
Estatus retirado Estado de pérdida Estado de daño No para préstamo Biblioteca de origen Biblioteca actual Ubicación en estantería Fecha de adquisición Fuente de adquisición Total de préstamos Signatura topográfica completa Código de barras Visto por última vez Precio de reemplazo Tipo de ítem Koha
        Biblioteca del Ateneo de Madrid Biblioteca del Ateneo de Madrid Sala Pecera Planta 1 17/01/2008     A-1506 1033362 23/02/2023 23/02/2023 Libro impreso